Professional commitment among teacher educators : (Record no. 35698)
[ view plain ]
| 000 -LEADER | |
|---|---|
| fixed length control field | 00609nam a2200169Ia 4500 |
| 041 ## - LANGUAGE CODE | |
| Language code of text/sound track or separate title | English |
| 082 ## - DEWEY DECIMAL CLASSIFICATION NUMBER | |
| Classification number | RM.0401 |
| 100 ## - MAIN ENTRY--AUTHOR NAME | |
| Personal name | Maheshwari, Amrita |
| Affiliation | Institute of teacher education |
| 245 #0 - TITLE STATEMENT | |
| Title | Professional commitment among teacher educators : |
| Sub Title | a sociological study of institutions affiliated with C.C.S. University / |
| Statement of responsibility, etc | Amrita Maheshwari |
| 260 ## - PUBLICATION, DISTRIBUTION, ETC. (IMPRINT) | |
| Place of publication | New Delhi : |
| Name of publisher/Sponsor | Indian Council oF Social Science Research , |
| Year of publication | 2013 |
| 300 ## - PHYSICAL DESCRIPTION | |
| Number of Pages | x, 241p. |
| 536 ## - FUNDING INFORMATION NOTE | |
| Funding Agency | Indian Council of Social Science Research |
| 546 ## - LANGUAGE NOTE | |
| Language note | English |
| 650 ## - SUBJECT ADDED ENTRY--TOPICAL TERM | |
| Topical Term | Teacher educators |
| 650 ## - SUBJECT ADDED ENTRY--TOPICAL TERM | |
| Topical Term | Professional ethics |
| 942 ## - ADDED ENTRY ELEMENTS (KOHA) | |
| Koha item type | Research Reports |
| Source of classification or shelving scheme | Dewey Decimal Classification |
| Withdrawn status | Lost status | Damaged status | Not for loan | Collection code | Home library | Current library | Date acquired | Source of acquisition | Full call number | Accession Number | Price effective from | Koha item type |
|---|---|---|---|---|---|---|---|---|---|---|---|---|
| Not For Loan | ICSSR Research Project Reports | NASSDOC Library | NASSDOC Library | 20/04/2022 | Gifted by: RP Division ICSSR | RM.0401 | 52240 | 29/04/2022 | Research Reports |
